000 00495nam a2200193Ia 4500
005 20230309134412.0
008 131103s9999 xx 000 0 und d
040 _aLoreto College
041 _aEnglish
082 _a822.33
_bSHA-GAR
245 _aMore talking of shakespeare
_cEdited by John Garrett
260 _aLondon
_bLongman
_c1959
300 _a190p.
504 _aIncludes index
650 _aEnglish literature
700 _aGarrett, John; ed.
850 _aLCLIB
942 _cBK
999 _c21851
_d72330